Quiz espèces de fleurs - Statistiques

Statistiques générales
  • Ce quiz a été pris 90 fois
  • Le résultat moyen est 6 sur 56
Statistiques - réponses
Hint Réponse % Correct
41 Rose
93%
56 Violette
38%
21 Iris
37%
36 Pivoine
37%
17 Hortensia
34%
9 Dahlia
31%
54 Tournesol
29%
25 Lilas
28%
1 Anémone
26%
22 Jacinthe
26%
23 Jasmin
25%
33 Oeillet
24%
31 Narcisse
22%
15 Glaïeul
18%
24 Lavande
18%
27 Mimosa
13%
30 Myosotis
13%
40 Renoncule
12%
7 Cosmos
10%
35 Pavot
7%
6 Clématite
6%
12 Freesia
6%
4 Camomille
4%
5 Chrysantème
4%
32 Nigelle
4%
29 Muscari
1%
39 Pois de senteur
1%
55 Viburnum
1%
2 Asclépia
0%
3 Astrance
0%
8 Craspédia
0%
10 Dille
0%
11 Eucalyptus
0%
13 Freesia blanc
0%
14 Fritillaire Pintade
0%
16 Gui
0%
19 Hortensia blanc
0%
18 Hortensia d'automne
0%
20 Hortensia rose
0%
26 Lisianthus
0%
28 Muflier
0%
34 Oeillet de Poête
0%
37 Pivoine Corail
0%
38 Pivoine Red Charm
0%
42 Rose Avalanche
0%
43 Rose Branchue
0%
44 Rose Krasivaya
0%
45 Rose Maria Theresa
0%
46 Rose Mini Eden
0%
47 Rose Piaget
0%
48 Rose Piano
0%
49 Rose Red Naomi
0%
50 Rose Sweet Avalanche
0%
51 Scabieuse
0%
52 Statice
0%
53 Symphorine
0%
Aucun quiz correspondant
Distribution des résultats
% des personnes avec chaque résultat
Percentile par nombre de réponses
Votre historique - résultats
Vous n’avez pas pris ce quiz